| 000 | 00548nam a2200193Ia 4500 | ||
|---|---|---|---|
| 003 | GCL | ||
| 008 | 140319s9999 xx 000 0 ara d | ||
| 040 |
_aGCL / _cGCL |
||
| 082 | 0 | 4 |
_aد _b050 |
| 100 | 1 | _aاحمد عبدالمجيد | |
| 245 | 1 | 0 |
_aسندباد دبلوماسى (اقرا 376 ) / _cاحمد عبدالمجيد |
| 300 | _a235 | ||
| 490 |
_aاقرأ _v0 |
||
| 650 | 0 | 4 | _aالدبلوماسية |
| 650 | 0 | 4 | _aالدبلوماسيون |
| 650 | 0 | 4 | _aتراجم ذاتية |
| 650 | 0 | 4 | _aاحمد عبدالمجيد |
| 942 |
_2ddc _cBK |
||
| 999 |
_c49081 _d49081 |
||